The Honeywood settlement: a continuation of The Honeywood File (Record no. 95393)

MARC details
000 -LEADER
fixed length control field 00591cam a2200205 4500
001 - CONTROL NUMBER
control field D2951
008 - FIXED-LENGTH DATA ELEMENTS--GENERAL INFORMATION
fixed length control field 090401t1930 xxu||||| |||| 00| 0 eng d
035 ## - SYSTEM CONTROL NUMBER
System control number (Sirsi) u71198
041 ## - LANGUAGE CODE
Language code of text/sound track or separate title eng
050 ## - LIBRARY OF CONGRESS CALL NUMBER
Classification number 692.8
100 ## - MAIN ENTRY--PERSONAL NAME
Personal name Creswell, H. B.
245 #4 - TITLE STATEMENT
Title The Honeywood settlement: a continuation of The Honeywood File
260 ## - PUBLICATION, DISTRIBUTION, ETC.
Place of publication, distribution, etc. London
Name of publisher, distributor, etc. Faber
Date of publication, distribution, etc. 1930
300 ## - PHYSICAL DESCRIPTION
Extent 214p. 18cm
350 ## - PRICE (NR) (BK AM CF MU VM SE) [OBSOLETE]
Price 0.5
520 ## - SUMMARY, ETC.
Summary, etc. Two copies are later paperback reprints (undated but with original 1930 imprint on reverse of t-p).
650 ## - SUBJECT ADDED ENTRY--TOPICAL TERM
Topical term or geographic name entry element HONEYWOOD SETTLEMENT
942 ## - ADDED ENTRY ELEMENTS (KOHA)
Suppress in OPAC 0
948 ## - LOCAL PROCESSING INFORMATION (OCLC); SERIES PART DESIGNATOR (RLIN)
c (OCLC) 04/03/1997
Holdings
Withdrawn status Lost status Source of classification or shelving scheme Damaged status Not for loan Home library Current library Shelving location Date acquired Cost, normal purchase price Total Checkouts Full call number Barcode Date last seen Date last checked out Copy number Cost, replacement price Price effective from Koha item type
    Dewey Decimal Classification     London London Books 14/08/1991 0.50 10 692.8 30020555 06/08/2019 01/12/2009 1 0.50 06/08/2019 Book